|
|
|
|
| LEADER |
01359nam a22002657a 4500 |
| 001 |
41867 |
| 003 |
BD-DhAAL |
| 005 |
20231015124946.0 |
| 008 |
231011t1998 bg ||||| b||| 00| 0 ben d |
| 040 |
|
|
|a BD-DhAAL
|d BD-DhAAL
|
| 041 |
|
|
|a ben
|
| 082 |
|
|
|a 891.44
|
| 100 |
|
|
|a রহমান, মোহাম্মদ সিদ্দিকুর.
|9 55704
|
| 245 |
|
|
|a প্রমথ চৌধুরী :
|b বাংলাভাষা ও গদ্যচিন্তা /
|c মোহাম্মদ সিদ্দিকুর রহমান.
|
| 246 |
|
|
|a Promotha choudhury : banglabhasa o gadyachinta
|
| 260 |
|
|
|a ঢাকা :
|b বাংলা একাডেমি,
|c ১৯৯৮.
|
| 300 |
|
|
|a ১০২ পৃষ্ঠা :
|c ২২ সে.মি.
|
| 504 |
|
|
|a গ্রন্থপঞ্জিগত নির্দেশিকা অন্তভূক্ত ।
|
| 541 |
|
|
|a Complimentary copy from BIED
|e 41867
|
| 600 |
|
|
|a চৌধুরী, প্রমথ,
|d ১৮৬৮-১৯৪৬.
|9 55706
|
| 650 |
|
|
|a Bengali essays.
|9 55705
|
| 852 |
|
|
|a Ayesha Abed Library
|c BIED Collection
|
| 942 |
|
|
|2 ddc
|c BK
|
| 999 |
|
|
|c 46228
|d 46228
|
| 952 |
|
|
|0 0
|1 0
|2 ddc
|4 0
|6 891_440000000000000_RAH
|7 0
|9 74567
|a BRACUL
|b BRACUL
|c GEN
|d 2023-10-11
|e Complimentary copy from BIED
|l 0
|o 891.44 RAH
|p 3010041867
|r 2023-10-11
|t 1
|w 2023-10-11
|y BK
|x Transferred from BIED to General Stacks
|